MARC details
| 000 -CABECERA |
| campo de control de longitud fija |
01255nam a2200265 a 4500 |
| 001 - NÚMERO DE CONTROL |
| campo de control |
000026224 |
| 003 - IDENTIFICADOR DEL NÚMERO DE CONTROL |
| campo de control |
DO-SdBNP |
| 005 - FECHA Y HORA DE LA ÚLTIMA TRANSACCIÓN |
| campo de control |
20220125115931.0 |
| 008 - DATOS DE LONGITUD FIJA--INFORMACIÓN GENERAL |
| campo de control de longitud fija |
110307s2008 dr ac r 000 0 spa d |
| 040 ## - FUENTE DE LA CATALOGACIÓN |
| Centro catalogador/agencia de origen |
DO-SdBNP |
| Lengua de catalogación |
spa |
| Centro/agencia transcriptor |
BNPHU |
| 082 ## - NÚMERO DE LA CLASIFICACIÓN DECIMAL DEWEY |
| Número de clasificación |
021.7 |
| Número de documento/Ítem |
F356d, 2008 |
| 111 2# - ENTRADA PRINCIPAL--NOMBRE DE CONGRESO/REUNIÓN |
| Nombre de congreso/reunión o jurisdicción como elemento de entrada |
Feria Internacional del Libro de Santo Domingo |
| Sede del congreso/Lugar de la reunión |
Santo Domingo, República Dominicana |
| Fecha del congreso/reunión |
(2008 : 21 abril al 4 de mayo) |
| Número del congreso/reunión o número de parte o sección |
11ª : |
| 9 (RLIN) |
53249 |
| 245 10 - MENCIÓN DE TÍTULO |
| Título |
XI Feia Internacional del Libro Santo Domingo 2008 : |
| Resto del título |
programa. |
| Medio |
La diaspora dominicana |
| 246 13 - FORMA VARIANTE DE TÍTULO |
| Título propio/Titulo breve |
Decimoprimera Feria Internacional del Libro Santo Domingo, 2011 |
| 260 ## - PUBLICACIÓN, DISTRIBUCIÓN, ETC. |
| Lugar de publicación, distribución, etc. |
Santo Domingo : |
| Nombre del editor, distribuidor, etc. |
Secretaría de Estado de Cultura |
| -- |
Dirección General de la Feria del Libro, |
| Fecha de publicación, distribución, etc. |
2008. |
| Fabricante |
Búho |
| 300 ## - DESCRIPCIÓN FÍSICA |
| Extensión |
338 p. : |
| Otras características físicas |
il., retrs. ; |
| Dimensiones |
23 cm. |
| 500 ## - NOTA GENERAL |
| Nota general |
Homenaje a Emilio Rodríguez Demorizi |
| 500 ## - NOTA GENERAL |
| Nota general |
Invitada de honor : Asociación de Estado del Caribe |
| 590 ## - NOTA LOCAL (RLIN) |
| Nota local |
Inventariado,2018/VM |
| 611 24 - PUNTO DE ACCESO ADICIONAL DE MATERIA--NOMBRE DE REUNIÓN/CONGRESO |
| Nombre de congreso/reunión o jurisdicción como elemento de entrada |
FERIA INTERNACIONAL DEL LIBRO |
| Número del congreso/reunión o número de parte o sección |
(11ª : |
| Fecha del congreso/reunión |
2008 |
| Sede del congreso/Lugar de la reunión |
SANTO DOMINGO, REPÚBLICA DOMINICANA) |
| Subdivisión general |
PROGRAMAS |
| 9 (RLIN) |
53250 |
| 650 #4 - PUNTO DE ACCESO ADICIONAL DE MATERIA--TÉRMINO DE MATERIA |
| Término de materia o nombre geográfico como elemento de entrada |
Industria del libro |
| Localización del acontecimiento |
REPÚBLICA DOMINICANA |
| Subdivisión general |
Programas |
| 9 (RLIN) |
53251 |
| 650 #4 - PUNTO DE ACCESO ADICIONAL DE MATERIA--TÉRMINO DE MATERIA |
| Término de materia o nombre geográfico como elemento de entrada |
Feria del libro |
| Subdivisión geográfica |
República Dominicana |
| Subdivisión cronológica |
2008 |
| 9 (RLIN) |
53252 |
| 910 ## - DATOS DE OPCIÓN DEL USUARIO (OCLC) |
| Datos de opción del usuario |
Validado. Control de caliad. MFF |
| 942 ## - ELEMENTOS DE PUNTO DE ACCESO ADICIONAL (KOHA) |
| Fuente del sistema de clasificación o colocación |
Dewey Decimal Classification |
| Tipo de ítem Koha |
Libro |